banner koha

Relationship between bud number in seed branches and yield aspects of sweet potato (Registro n. 338197)

MARC details
000 -LÍDER
fixed length control field 03799nab a2200361 i 4500
003 - CÓDIGO MARC DA AGÊNCIA CATALOGADORA
Campo de controle BR-BrBNA
005 - DATA E HORA DA ÚLTIMA ATUALIZAÇÃO
Campo de controle 20250916120854.0
008 - CAMPO DE TAMANHO FIXO
fixed length control field 250916b2021 bl.qr|pooa||| 00| 0 eng |
040 ## - FONTE DA CATALOGAÇÃO
Agência catalogadora BR-BrBNA
Idioma da catalogação eng
072 ## - CATEGORIA AGRIS
Código AGRIS F01
Código do objeto 1580
072 ## - CATEGORIA AGRIS
Código AGRIS F62
100 ## - ENTRADA PRINCIPAL - NOME PESSOAL
Nome pessoal Perrud, Amanda C
100 ## - ENTRADA PRINCIPAL - NOME PESSOAL
Nome pessoal Bavaresco, Lorrayne G
100 ## - ENTRADA PRINCIPAL - NOME PESSOAL
Nome pessoal Zeist, André R
100 ## - ENTRADA PRINCIPAL - NOME PESSOAL
Nome pessoal Leal, Murilo HS
100 ## - ENTRADA PRINCIPAL - NOME PESSOAL
Nome pessoal Silva Júnior, André D
100 ## - ENTRADA PRINCIPAL - NOME PESSOAL
Nome pessoal Resende, Juliano TV de
100 ## - ENTRADA PRINCIPAL - NOME PESSOAL
Nome pessoal Silva, Marcio L da
100 ## - ENTRADA PRINCIPAL - NOME PESSOAL
Nome pessoal Toroco, Bruno R
245 ## - TÍTULO PRINCIPAL
Título principal Relationship between bud number in seed branches and yield aspects of sweet potato
500 ## - NOTA GERAL
Nota geral Publicação online; 35 ref.; 4 illus.; Summaries (En, Pt)
942 ## - ADDED ENTRY ELEMENTS (KOHA)
Koha item type Analítica
520 ## - NOTA DE RESUMO
Nota de conteúdo <br/><br/><br/>ABSTRACT: Planting sweet potato branches with the appropriate bud number and disposition, below and above ground, can favor vegetative growth and yield that better fit the marketable standards. This study aimed to explore the influence of the number of buds and their distribution ratio, above and below ground level, on the agronomic and marketable components of sweet potato tuberous roots. The experiment was carried out in a randomized complete block design with three replications. The treatments were arranged in a factorial scheme (3 x 5), with 2, 4, and 8 above-ground buds combined with 2, 4, 6, 8, and 10 below-ground buds. Branches from the UZBD 06 accession (Canadense standard) were used. Vegetative, productive, and marketable traits of roots were evaluated. The use of branches with a greater number of buds above and below ground increased shoot dry biomass. Planting seed branches with 8 buds above and 8 buds below ground provided a greater number and production of marketable roots. The use of 10 buried buds increased root number and yield in the 150-450 g marketable classes, which the consumer market values the most. <br/><br/><br/>Keywords: Ipomoea batatas, marketable classes, tuberous roots, propagation structure
520 ## - NOTA DE RESUMO
Nota de conteúdo <br/><br/>RESUMO: O plantio de hastes de batata-doce com o número e disposição adequados de gemas, abaixo e acima do solo, pode favorecer o crescimento vegetativo e a produção que melhor atendem aos padrões comercializáveis. Este estudo teve como objetivo explorar a influência do número de gemas e sua proporção de distribuição, acima e abaixo do nível do solo, sobre os componentes agronômicos e comercializáveis de raízes tuberosas da batata-doce. O experimento foi conduzido em delineamento de blocos ao acaso com três repetições. Os tratamentos foram arranjados em esquema fatorial (3 x 5), com 2, 4 e 8 gemas acima do solo combinadas com 2, 4, 6, 8 e 10 gemas abaixo do solo. Foram utilizadas ramas do acesso UZBD 06 (padrão canadense). Foram avaliadas as características vegetativas, produtivas e comercializáveis das raízes. O uso de ramas com maior número de gemas acima e abaixo do solo aumentou a biomassa seca da parte aérea. O plantio de ramas com 8 gemas acima e 8 gemas abaixo do solo proporcionou maior número e produção de raízes comercializáveis. O uso de 10 gemas enterradas aumentou o número de raízes e o rendimento nas classes comercializáveis de 150-450 g, mais valorizadas pelo consumidor.<br/><br/><br/><br/>Palavras-chave: Ipomoea batatas, classes comerciais, raízes tuberosas, estrutura de propagação
650 ## - ASSUNTO - THESAGRO
Cabeçalho tópico ou nome geográfico BATATA-DOCE
650 ## - ASSUNTO - THESAGRO
Cabeçalho tópico ou nome geográfico CRESCIMENTO
650 ## - ASSUNTO - THESAGRO
Cabeçalho tópico ou nome geográfico GEMA
650 ## - ASSUNTO - THESAGRO
Cabeçalho tópico ou nome geográfico FISIOLOGIA VEGETAL
650 ## - ASSUNTO - THESAGRO
Cabeçalho tópico ou nome geográfico PRODUTIVIDADE
773 0# - ENTRADA ANALÍTICA
Host Biblionumber 1047
Registro do item 357913
Imprenta Brasília-DF Sociedade de Olericultura do Brasil 1983
Outro identificador 2025-5878
Título Horticultura Brasileira (Brazil)
ISSN 0102-0536
Colação v. 39(4) p. 451-457; (2021)
Número de controle de registro BR2025001980
856 ## - ACESSO E ENDEREÇO ELETRÔNICO
Identificador uniforme de recurso - URI https://www.scielo.br/j/hb/a/Wr6d497ZF9fpXkJYqt9WbhN/?format=pdf&lang=en

Nenhum exemplar disponível.

BINAGRI

Telefone: (61)3218-2567/2388/3357/2097 - binagri@agro.gov.br

Ministério da Agricultura e Pecuária , Esplanada dos Ministérios, Bloco D, Anexo B, Brasília/DF, CEP: 70.043-900